Global Marketing (Record no. 905)
[ view plain ]
| 000 -LEADER | |
|---|---|
| fixed length control field | 01584cam a22002174a 4500 |
| 005 - ΗΜΕΡΟΜΗΝΙΑ ΚΑΙ ΩΡΑ ΤΕΛΕΥΤΑΙΑΣ ΕΝΗΜΕΡΩΣΗΣ | |
| Πεδίο ελέγχου | 20250605163949.0 |
| 008 - FIXED-LENGTH DATA ELEMENTS--GENERAL INFORMATION | |
| Πεδίο ελέγχου σταθερού μήκους | 250528s ||||||||||||||||||||||||d |
| 035 ## - SYSTEM CONTROL NUMBER | |
| System control number | 15315 |
| 020 ## - ISBN | |
| ISBN | 30106494 |
| 040 ## - ΠΗΓΗ ΚΑΤΑΛΟΓΟΓΡΑΦΗΣΗΣ | |
| Φορέας πρωτότυπης καταλογογράφησης | MC Athens Campus Library |
| Γλώσσα καταλογογράφησης | Ελληνικά, Μοντέρνα (1453-) |
| Modifying agency | MC Athens Campus Library |
| Κανόνες περιγραφικής καταλογογράφησης | AACR2 |
| 245 1# - ΤΙΤΛΟΣ ΚΑΙ ΔΗΛΩΣΗ ΥΠΕΥΘΥΝΟΤΗΤΑΣ | |
| Τίτλος | Global Marketing |
| 260 ## - PUBLICATION, DISTRIBUTION, ETC. | |
| Name of publisher, distributor, etc. | The Dryden Press, |
| Date of publication, distribution, etc. | 1996 |
| 300 ## - PHYSICAL DESCRIPTION | |
| Extent | 650 |
| 505 0# - FORMATTED CONTENTS NOTE | |
| Formatted contents note | Preface, The Global Marketing Imperative, The Global Marketing Environment, The Cultural Environment, Politics and Laws, Economic and Financial Dimensions, Transitions in Global Marketing, Developing Global Readiness, Building the Knowledge Base, Globalization, Organization and Control, Market Entry, Glabal Expansion, Global Marketing Strategy, Global Product Management, Global Services Marketing, Managing Global Channel Relations, Global Logistics Management, Global Pricing Strategies, Global Promotional Strategies, The Future, Index. |
| 520 ## - SUMMARY, ETC. | |
| Summary, etc. | Preface, The Global Marketing Imperative, The Global Marketing Environment, The Cultural Environment, Politics and Laws, Economic and Financial Dimensions, Transitions in Global Marketing, Developing Global Readiness, Building the Knowledge Base, Globalization, Organization and Control, Market Entry, Glabal Expansion, Global Marketing Strategy, Global Product Management, Global Services Marketing, Managing Global Channel Relations, Global Logistics Management, Global Pricing Strategies, Global Promotional Strategies, The Future, Index. |
| 700 1# - ΠΡΟΣΘΕΤΗ ΑΝΑΓΡΑΦΗ--ΦΥΣΙΚΟ ΠΡΟΣΩΠΟ | |
| Personal name | Czinkota Michael R |
| 9 (RLIN) | 1215 |
| 700 1# - ΠΡΟΣΘΕΤΗ ΑΝΑΓΡΑΦΗ--ΦΥΣΙΚΟ ΠΡΟΣΩΠΟ | |
| Personal name | Ronkainen Iikka A |
| 9 (RLIN) | 1216 |
| 942 ## - ADDED ENTRY ELEMENTS (KOHA) | |
| Koha item type | Books |
| Τύπος τεκμηρίου | Βιβλιοθήκη | Τρέχουσα τοποθεσία | Barcode | Αριθμός εισαγωγής | Ημερομηνία απόκτησης | Ταξιθετικό σύμβολο | Αριθμός αντιτύπου | Κατάσταση απόσυρσης | Κατάσταση χαμένου | Κατάσταση κατεστραμμένου | Μη δανεισμός | Σύνολο δανεισμών | Ημερομηνία τελευταίας εμφάνισης | Η τιμή ισχύει από |
|---|---|---|---|---|---|---|---|---|---|---|---|---|---|---|
| Books | MC Athens Campus Library | MC Athens Campus Library | 9780000009043 | 1562 | 05/06/2025 | 658.848 CZI | 1 | 05/06/2025 | 05/06/2025 |